Statistics for 2024 Golden Globes Nominated Actors

Click here to take the quiz!

General Stats

  • This quiz has been taken 77 times
    (49 since last reset)
  • The average score is 37 of 84

Answer Stats

CategoryMovieActor% Correct
Actor in a Drama FilmOppenheimerCillian Murphy
98%
Actress in a Musical or Comedy FilmBarbieMargot Robbie
95%
Actress in a Drama TV SeriesThe CurseEmma Stone
90%
Actress in a Musical or Comedy FilmPoor ThingsEmma Stone
90%
Actor in a Drama FilmKillers of the Flower MoonLeonardo DiCaprio
90%
Supporting Actor in a FilmBarbieRyan Gosling
86%
Actor in a Drama FilmMaestroBradley Cooper
83%
Actor in a Musical or Comedy FilmWonkaTimothée Chalamet
83%
Supporting Actress in a FilmOppenheimerEmily Blunt
81%
Supporting Actor in a FilmOppenheimerRobert Downey Jr.
81%
Supporting Actor in a FilmPoor ThingsMark Ruffalo
76%
Actor in a Drama FilmSaltburnBarry Keoghan
71%
Actress in a Musical or Comedy FilmNo Hard FeelingsJennifer Lawrence
67%
Supporting Actor in a FilmKillers of the Flower MoonRobert De Niro
67%
Actor in a Musical or Comedy TV SeriesOnly Murders in the BuildingSteve Martin
67%
Actress in a Drama FilmMaestroCarey Mulligan
64%
Actor in a Musical or Comedy FilmAirMatt Damon
64%
Actress in a Drama FilmKillers of the Flower MoonLily Gladstone
62%
Supporting Actress in a FilmSaltburnRosamund Pike
62%
Actress in a Musical or Comedy TV SeriesOnly Murders in the BuildingSelena Gomez
62%
Actor in a Musical or Comedy TV SeriesThe BearJeremy Allen White
60%
Actor in a Musical or Comedy FilmThe HoldoversPaul Giamatti
60%
Actor in a Drama TV SeriesThe Last of UsPedro Pascal
60%
Actress in a Supporting Role on TVOnly Murders in the BuildingMeryl Streep
57%
Actress in a Musical or Comedy FilmMay DecemberNatalie Portman
57%
Supporting Actress in a FilmMay DecemberJulianne Moore
52%
Actor in a Drama TV SeriesSuccessionKieran Culkin
52%
Supporting Actor in a FilmPoor ThingsWillem Dafoe
52%
Actress in a Miniseries or Film for TVBeefAli Wong
50%
Actress in a Drama FilmNyadAnnette Bening
50%
Actor in a Drama FilmRustinColman Domingo
50%
Actor in a Musical or Comedy FilmBeau Is AfraidJoaquin Phoenix
50%
Actor in a Drama FilmAll of Us StrangersAndrew Scott
48%
Actor in a Musical or Comedy TV SeriesBarryBill Hader
48%
Actor in a Musical or Comedy TV SeriesTed LassoJason Sudeikis
48%
Actor in a Musical or Comedy FilmAmerican FictionJeffrey Wright
48%
Actor in a Musical or Comedy TV SeriesOnly Murders in the BuildingMartin Short
48%
Actor in a Musical or Comedy FilmDream ScenarioNicolas Cage
48%
Actress in a Drama TV SeriesSuccessionSarah Snook
48%
Actress in a Drama TV SeriesThe Last of UsBella Ramsey
45%
Actress in a Supporting Role on TVThe CrownElizabeth Debicki
45%
Actress in a Drama TV SeriesThe CrownImelda Staunton
45%
Actor in a Miniseries or Film for TVBeefSteven Yeun
45%
Actor in a Drama TV SeriesSuccessionBrian Cox
43%
Supporting Actor in a FilmMay DecemberCharles Melton
43%
Supporting Actress in a FilmThe HoldoversDa'Vine Joy Randolph
43%
Supporting Actress in a FilmNyadJodie Foster
43%
Actress in a Drama FilmAnatomy of a FallSandra Hüller
43%
Actress in a Drama FilmPast LivesGreta Lee
38%
Actress in a Musical or Comedy TV SeriesThe BearAyo Edebiri
36%
Actress in a Miniseries or Film for TVLessons in ChemistryBrie Larson
36%
Actor in a Drama TV SeriesSuccessionJeremy Strong
36%
Actress in a Drama FilmPriscillaCailee Spaeny
33%
Actor in a Drama TV SeriesSlow HorsesGary Oldman
33%
Actress in a Supporting Role on TVTed LassoHannah Waddingham
33%
Actor in a Supporting Role on TVSuccessionMatthew Macfadyen
33%
Supporting Actress in a FilmThe Color PurpleDanielle Brooks
31%
Actress in a Musical or Comedy FilmThe Color PurpleFantasia Barrino
31%
Actor in a Drama TV SeriesThe CrownDominic West
29%
Actress in a Musical or Comedy TV SeriesThe GreatElle Fanning
29%
Actress in a Musical or Comedy TV SeriesThe Marvelous Mrs. MaiselRachel Brosnahan
26%
Actress in a Miniseries or Film for TVDaisy Jones & The SixRiley Keough
26%
Actress in a Drama TV Series1923Helen Mirren
24%
Actor in a Supporting Role on TVJury DutyJames Marsden
24%
Actor in a Miniseries or Film for TVWhite House PlumbersWoody Harrelson
24%
Actor in a Supporting Role on TVThe BearEbon Moss-Bachrach
21%
Actress in a Miniseries or Film for TVLove & DeathElizabeth Olsen
21%
Actor in a Miniseries or Film for TVFargoJon Hamm
21%
Actor in a Supporting Role on TVSuccessionAlexander Skarsgård
19%
Actor in a Musical or Comedy TV SeriesShrinkingJason Segel
19%
Actress in a Supporting Role on TVSuccessionJ. Smith-Cameron
19%
Actress in a Drama TV SeriesThe DiplomatKeri Russell
19%
Actress in a Musical or Comedy TV SeriesPoker FaceNatasha Lyonne
19%
Actor in a Miniseries or Film for TVDaisy Jones & The SixSam Claflin
19%
Actress in a Miniseries or Film for TVDead RingersRachel Weisz
17%
Actor in a Supporting Role on TVSuccessionAlan Ruck
14%
Actress in a Musical or Comedy FilmFallen LeavesAlma Pöysti
14%
Actress in a Miniseries or Film for TVFargoJuno Temple
14%
Actress in a Musical or Comedy TV SeriesAbbott ElementaryQuinta Brunson
14%
Actor in a Supporting Role on TVThe Morning ShowBilly Crudup
12%
Actor in a Miniseries or Film for TVLawmen: Bass ReevesDavid Oyelowo
12%
Actress in a Supporting Role on TVThe BearAbby Elliott
10%
Actress in a Supporting Role on TVYellowjacketsChristina Ricci
7%
Actor in a Miniseries or Film for TVFellow TravelersMatt Bomer
7%

Score Distribution

Percentile by Number Answered

Percent of People with Each Score

Your Score History

You have not taken this quiz since the last reset